000 00696cam a2200229 a 4500
001 4497422
005 20180309040012.0
008 970603s1991 vm 000 0 vie
010 _a 97157353
040 _aDLC
_cDLC
_dDLC
041 1 _avie
080 _a321
082 _2321 TOF
100 1 _a19
101 _aSHP
240 1 0 _aPowershift.
_lVietnamese
245 1 0 _aThăng trầm quyền lực =
_cAlvin Toffler ; [những người dịch, Khổng Đức, Tăng Hỷ].
246 3 1 _aPower shift
906 _a7
_bcbc
_corignew
_d3
_encip
_f19
_gy-gencatlg
942 _2ddc
_cBK
999 _c44547
_d44547